Kľúčové faktory efektívnosti verejného obstarávania v SR

Identifikácia hlavných faktorov určujúcich efektívnosť verejného obstarávania v Slovenskej republike, analýza najdôležitejších z týchto faktorov a navrhovanie reakcií. Výsledky dotazníka a analýza sekundárnych údajov naznačujúce, že takýmito hlavnými faktormi sú nadmerná byrokratizácia, časté legisl...

Ausführliche Beschreibung

Gespeichert in:
Bibliographische Detailangaben
1. Verfasser: Grega, Matúš
Weitere Verfasser: Orviská, Marta, Nemec, Juraj
Format: Buchkapitel
Sprache:Slowakisch
Schlagworte:
Tags: Tag hinzufügen
Keine Tags, Fügen Sie das erste Tag hinzu!

MARC

LEADER 00000naa a2200000 4500
001 0258143
005 20190910125356.3
041 0 |a slo 
044 |a SK 
245 1 0 |a Kľúčové faktory efektívnosti verejného obstarávania v SR  |c Matúš Grega, Marta Orviská, Juraj Nemec 
520 |a Identifikácia hlavných faktorov určujúcich efektívnosť verejného obstarávania v Slovenskej republike, analýza najdôležitejších z týchto faktorov a navrhovanie reakcií. Výsledky dotazníka a analýza sekundárnych údajov naznačujúce, že takýmito hlavnými faktormi sú nadmerná byrokratizácia, časté legislatívne zmeny, korupcia a etika a dominantné využívanie kritéria najnižšej ceny pri výbere dodávateľov. Analýza týchto faktorov. 
610 2 0 |a Slovensko 
610 2 0 |a obstarávanie verejné 
610 2 0 |a efektívnosť 
610 2 0 |a byrokracia 
610 2 0 |a legislatíva 
100 1 |a Grega, Matúš 
700 1 |a Orviská, Marta 
700 1 |a Nemec, Juraj